Pluto planet berkembar

Bibliographic Details
Format: Book
Published: Kuala Lumpur : Utusan Publications & Distibutors , 2004
Series:Siri Planet kita
Subjects:

MARC

LEADER 00000cam a2200000 7i4500
001 0000007308
005 20151222.0
008 070829
020 |a 9676112801 
090 0 0 |a JF   |b SC MAL (8570) 
245 1 0 |a Pluto planet berkembar   |c Samsuddin Othman 
260 |a Kuala Lumpur :   |b Utusan Publications & Distibutors ,   |c 2004 
440 |a Siri Planet kita 
500 |a Children ages 7-9 years old (orange) 
650 0 |a Malay language   |x Readers   |x Planets 
650 0 |a Planets   |x Juvenile literature 
999 |a 0000814892   |b Book   |c Children Collection   |e Cawangan Tmn. Ungku Tun Aminah 
999 |a 0000814896   |b Book   |c Children Collection   |e Cawangan Bandar Penawar 
999 |a 0000814897   |b Book   |c Children Collection   |e Cawangan Pontian 
999 |a 0000814901   |b Book   |c Children Collection   |e Cawangan Segamat 
999 |a 0000814902   |b Book   |c Children Collection   |e Cawangan Kota Tinggi 
999 |a 0000814905   |b Book   |c Children Collection   |e Cawangan Mersing 
999 |a 0000990036   |b Book   |c Children Collection   |e Perbadanan Perpustakaan Awam Johor 
999 |a 0000990037   |b Book   |c Children Collection   |e Perbadanan Perpustakaan Awam Johor 
999 |a 0000990038   |b Book   |c Children Collection   |e Perbadanan Perpustakaan Awam Johor 
999 |a 000814898   |b Book   |c Children Collection   |e Cawangan Muar